| Tag |
First Indicator |
Second Indicator |
Subfields |
| LEADER |
00000cas a2200000 a 4500 |
| 001 |
in00000577521 |
| 005 |
20151014073502.0 |
| 008 |
861007c19879999nyuqrzp 0 a0eng d |
| 010 |
|
|
|a 87643720
|z sn 86011578
|
| 012 |
|
|
|a 3
|i 8709
|j 0
|k 1
|l 1
|m 1
|
| 022 |
0 |
|
|a 0890-6955
|
| 030 |
|
|
|a IMTME3
|
| 032 |
|
|
|a 008939
|b USPS
|
| 035 |
|
|
|a (OCoLC)ocm14352846
|
| 035 |
|
|
|a (OCoLC)14352846
|
| 035 |
|
|
|9 ACP4552AM
|
| 037 |
|
|
|b Pergamon Press Journals, Elmsford, NY 10523
|
| 040 |
|
|
|a NSD
|c NSD
|d IXA
|d NSD
|d DLC
|d NST
|d NSD
|d DLC
|d NSD
|d NST
|d NSD
|d NST
|d ELM
|d NSD
|d NST
|d NSD
|d CUS
|d DLC
|d UtOrBLW
|
| 042 |
|
|
|a nsdp
|a lc
|
| 049 |
|
|
|a TXAM
|
| 050 |
0 |
0 |
|a TJ1180.A1
|b I5
|
| 082 |
0 |
0 |
|a 621.9/02
|2 19
|
| 210 |
0 |
|
|a Int. j. mach. tools manuf.
|
| 222 |
|
0 |
|a International journal of machine tools & manufacture
|
| 245 |
0 |
0 |
|a International journal of machine tools & manufacture.
|
| 264 |
|
1 |
|a Oxford ;
|a New York :
|b Pergamon,
|c 1987-
|
| 300 |
|
|
|a volumes :
|b illustrations ;
|c 28 cm.
|
| 310 |
|
|
|a Quarterly
|
| 336 |
|
|
|a text
|b txt
|2 rdacontent
|
| 337 |
|
|
|a unmediated
|b n
|2 rdamedia
|
| 338 |
|
|
|a volume
|b nc
|2 rdacarrier
|
| 362 |
0 |
|
|a Vol. 27, no. 1-
|
| 500 |
|
|
|a Title from cover.
|
| 510 |
2 |
|
|a Electronics and communications abstracts journal (Riverdale)
|x 0361-3313
|b 1987-
|
| 510 |
2 |
|
|a Engineering index annual (1968)
|x 0360-8557
|b 1987-
|
| 510 |
2 |
|
|a Engineering index bioegineering abstracts
|x 0736-6213
|b 1987-
|
| 510 |
2 |
|
|a Engineering index energy abstracts
|x 0093-8408
|b 1987-
|
| 510 |
2 |
|
|a Engineering index monthly (1984)
|x 0742-1974
|b 1987-
|
| 510 |
2 |
|
|a ISMEC bulletin
|x 0306-0039
|b 1987-
|
| 510 |
2 |
|
|a Pollution abstracts with indexes
|x 0032-3624
|b 1987-
|
| 510 |
2 |
|
|a Safety science abstracts journal
|x 0160-1342
|b 1987-
|
| 510 |
0 |
|
|a Engineering index monthly
|x 0013-7960
|b 1987-
|
| 530 |
|
|
|a Available also by subscription via the World Wide Web.
|
| 650 |
|
0 |
|a Machine-tools
|v Periodicals.
|
| 650 |
|
0 |
|a Manufacturing processes
|v Periodicals.
|
| 780 |
0 |
0 |
|t International journal of machine tool design & research
|x 0020-7357
|w (DLC) 64009740
|w (OCoLC)2067264
|
| 850 |
|
|
|a AAP
|a AU
|a AzTeS
|a CLSU
|a CSt
|a CU
|a CU-A
|a CU-SB
|a CaAEU
|a CaOWtU
|a CoFS
|a CoU
|a DLC
|a FU
|a ICU
|a IEN
|a IaAS
|a IaU
|a InLP
|a KyU
|a LNT
|a LU
|a MBU
|a MdU
|a MiD
|a MiDW
|a MiEM
|a MiU
|a MoKL
|a MoU
|a NN
|a NNE
|a NcRS
|a NmU
|a OU
|a OkU
|a PBL
|a PPD
|a PPiC
|a TxCM
|a TxHR
|a TxU
|a UPB
|a UU
|a ViBlbV
|a WaU
|
| 936 |
|
|
|a Vol. 27, no. 2 LIC
|
| 948 |
|
|
|a MFHD URL added
|b h
|c 2002/8/15
|d c
|e bsurratt
|f 2:28:36 pm
|
| 994 |
|
|
|a E0
|b TXA
|
| 999 |
|
|
|a MARS
|
| 999 |
f |
f |
|s bc8fd9e9-007d-346c-874d-bdd22d630ce8
|i 06a38c6c-39fa-36d8-a367-df25aa924532
|t 0
|
| 952 |
f |
f |
|p ric
|a Texas A&M University
|b Rellis Campus
|c Joint Library Facility
|d Remote Storage
|t 0
|e TJ1180.A1 I5
|h Library of Congress classification
|i unmediated -- volume
|k v.31
|l 1991
|m A14815530732
|
| 952 |
f |
f |
|p ric
|a Texas A&M University
|b Rellis Campus
|c Joint Library Facility
|d Remote Storage
|t 0
|e TJ1180.A1 I5
|h Library of Congress classification
|i unmediated -- volume
|k v.29
|l 1989
|m A14812950234
|
| 952 |
f |
f |
|p ric
|a Texas A&M University
|b Rellis Campus
|c Joint Library Facility
|d Remote Storage
|t 0
|e TJ1180.A1 I5
|h Library of Congress classification
|i unmediated -- volume
|k v.27-28
|l 1987-1988
|m A14811727735
|
| 952 |
f |
f |
|p ric
|a Texas A&M University
|b Rellis Campus
|c Joint Library Facility
|d Remote Storage
|t 0
|e TJ1180.A1 I5
|h Library of Congress classification
|i unmediated -- volume
|k v.30
|l 1990
|m A14814667976
|
| 952 |
f |
f |
|p ric
|a Texas A&M University
|b Rellis Campus
|c Joint Library Facility
|d Remote Storage
|t 0
|e TJ1180.A1 I5
|h Library of Congress classification
|i unmediated -- volume
|k v.32
|l 1992
|m A14817014423
|
| 998 |
f |
f |
|a TJ1180.A1 I5
|s v.27 (1987)-v.32 (1992)
|t 0
|l Remote Storage
|